Os cinco metem-se em sarilhos (Registo nº 1275)

Detalhes MARC
000 -Etiqueta do registo
Cabeçalho 00636nam0a2200229 4500
005 - Identificador da versão
Campo de controlo 20240822202239.0
010 ## - Número internacional normalizado dos livros (ISBN)
Número (ISBN) 9726119979
100 ## - Dados gerais de processamento
Dados gerais de processamento 20160513d2004 d y0pory5003 ba
101 1# - Língua de publicação
Língua do texto, banda sonora, etc. Português
Língua do documento no original Inglês
102 ## - Pais de publicação ou produção
País de publicação Portugal
200 1# - Titulo e menção de responsabilidade
Título próprio Os cinco metem-se em sarilhos
Primeira menção de responsabilidade Enid Blyton
205 ## - Menção da edição
Menção da edição 2ª ed
210 ## - Publicação, Distribuição, etc. 
Lugar da edição, distribuição, etc. Paço de Arcos
Nome do editor, distribuidor, etc. Edimpresa
Data da publicação, distribuição, etc. 2004
215 ## - Descrição física 
Indicação específica da natureza do documento e extensão da espécie 175 p.
Outras indicações físicas il.
225 2# - Colecção 
Título próprio da colecção Os cinco
Nome de uma parte ou secção Mistério e aventura
Indicação de volume 8
606 ## - Nome comum usado como assunto
Número de registo de entrada de autoridade 0002043
Palavra de ordem Literatura inglesa
Subdivisão de assunto Romances de aventuras
Código do sistema CA
675 ## - Classificação Decimal Universal (CDU)
Notação 821.111-311.3
Edição 3ª ed.
Língua da edição por
700 #1 - Nome de autor-pessoa física (responsabilidade principal)
Número de registo de entrada de autoridade 0001735
Palavra de ordem Blyton
Outra parte do nome não tomada para palavra de ordem Enid
Datas 1897-1968
942 ## - Elementos de entrada adicionados (Koha)
Tipo de item no Koha Livro
966 ## - Identificação da Biblioteca
Sigla EB2,3ENM
Exemplares
Situação do levantamento Origin of item (home branch) (coded) Biblioteca de empréstimo Código de barras Cota Circulation type (not for loan) Tipo de documento Nota do exemplar Damaged status
  Biblioteca Escolar Eng. Nuno Mergulhão Biblioteca Escolar Eng. Nuno Mergulhão BENM1095 82LE-3 BLY   Livro Sem mensagem